1354 1029 1088 1275 1128 1104 1503 1153 1028 1226 1419 1038 1153 1101 1911 1251 1067 1522 1291 1319 1797 1595 1353 1311 1284 1827 1455 1221 1418 1313 1694 1593 1845 1919 1913 1556 1661 1009 1899 1396 1859 1887 1088 1923 1431 1836 1800 1888 1544 1780 1042 1165 1486 1718 1495 1568 1337 1667 1563 1933 1825 1119 1196 1269 1813 1196 1384 1559 1537 1256 1391 1386 1278 1153 1642 1835 1855 1092 1962 1791 1410 1630 1350 1665 1466 1920 1745 1585 1358 1865 1825 1468 1654 1730 1922 1390 1508 1125 1208 BCNSPRNW ULIB Ver.6.0+V

เปลี่ยนเป็นภาษาไทย

Change to English
 แสดงรายละเอียดบรรณานุกรม
  กลับหน้าหลัก

Brief Record : Get Marc (ISO 2709) : E-mail record : QR code < ปิดหน้าต่าง
LEADER : 00000nam 2200000uu 4500
001    13399113618
003     ULIB
008    111124s2552||||th 000 0 tha d
020    ^a9786119007178
090    ^aนว.^bก741ต 2552
100 0  ^aกุหลาบเพลิง
245 00 ^aตำนานรักข้ามภพ/^cกุหลาบเพลิง
250    ^aพิมพ์ครั้งที่ 1
260    ^aกรุงเทพฯ :^bภัทร์โญธิน อักษรศาสตร์,^c2552
300    ^a284 หน้า
710 1  ภัทร์โญธิน อักษรศาสตร์
945    ^p249^l0^i15936
995    ^aทศพร
999    ^aใช้งานได้ทุกระบบ
รายการนี้ยังไม่มีแท็ก
คุณยังไม่ได้ล็อกอิน คุณสามารถมีกิจกรรมร่วมกับเว็บไซต์ได้ แต่ต้องล็อกอินก่อน ::
  ล็อกอิน

รายการสื่อสารสนเทศ

ลำดับที่ ประเภท เลขเรียก/บาร์โค้ด สถานที่ สถานะ
1. นวนิยาย
นวนิยาย
นว. ก741ต 2552  
  Barcode: 15936
ห้องสมุดวิทยาเขตสวรรค์ประชารักษ์
►นวนิยาย
บนชั้น
  ขอยืม

BibComment


ยังไม่เคยถูกคอมเมนท์

คอมเมนท์ทรัพยากรรายการนี้
  คอมเมนท์: ตำนานรักข้ามภพ ก..


 Copyright 2026. Bcnsprnw @Library